Reglamento sobre contabilidad agrícola. Texto completo, comentarios, ejemplos, tablas de cálculo
保存先:
| 第一著者: | |
|---|---|
| フォーマット: | 図書 |
| 言語: | スペイン語 |
| 出版事項: |
Santiago
Prensa Latinoamericana
1965
|
| シリーズ: | Divulgación Tributaria, 8
|
| 主題: | |
| タグ: |
タグ追加
タグなし, このレコードへの初めてのタグを付けませんか!
|
MARC
| LEADER | 00000nam a2200000 a 4500 | ||
|---|---|---|---|
| 001 | UCR7899 | ||
| 003 | CL-VaPUC | ||
| 008 | 980519e19650000CL |||||||||||||||||spa|d | ||
| 082 | 0 | 4 | |a 657.863 |b POB |2 21 |
| 100 | 0 | |a Poblete, Roberto |e author |9 409434 | |
| 245 | 1 | 0 | |a Reglamento sobre contabilidad agrícola. Texto completo, comentarios, ejemplos, tablas de cálculo |
| 300 | |a 72 p | ||
| 942 | |c BK | ||
| 945 | |d 19980519 00:00:00 |a crobeson | ||
| 260 | |a Santiago |b Prensa Latinoamericana |c 1965 | ||
| 650 | 7 | |a CONTABILIDAD AGRICOLA |2 CL-VaPUC |9 388465 | |
| 650 | 7 | |a REGLAMENTOS |2 CL-VaPUC |9 259254 | |
| 583 | |a last modification |c 19980519 00:00:00 |k Rodrigo Vera | ||
| 490 | 0 | |a Divulgación Tributaria, 8 | |
| 999 | |c 269477 |d 269475 | ||
| 952 | |0 0 |1 0 |4 0 |6 657_863000000000000_POB_1965 |7 0 |8 A |9 303226 |a BIBGIM |b BIBGIM |d 2019-11-20 |i 1999613 |o 657.863 POB 1965 |p 1999613 |r 2025-01-15 |w 2019-11-20 |y BK |k COM | ||